LEADER 01344oam 2200397 450 001 9910703903603321 005 20140320101830.0 035 $a(CKB)5470000002447315 035 $a(OCoLC)869886335 035 $a(EXLCZ)995470000002447315 100 $a20140205d1998 ua 0 101 0 $aeng 135 $aurmn||||a|||| 181 $2rdacontent 182 $2rdamedia 183 $2rdacarrier 200 10$aCost of capital for agricultural cooperatives /$fGlenn Pederson 210 1$aWashington, D.C. :$cUnited States, Department of Agriculture, Rural Business-Cooperative Service,$d1998. 215 $a1 online resource (iii, 25 pages) $cillustrations 225 1 $aRBS research report ;$v163 300 $a"September 1998." 300 $aTitle from title screen (viewed on Feb. 5, 2014). 320 $aIncludes bibliographical references (page 25). 606 $aAgriculture, Cooperative$zUnited States$xCosts 606 $aCapital costs 615 0$aAgriculture, Cooperative$xCosts. 615 0$aCapital costs. 700 $aPederson$b Glenn D.$01390799 712 02$aUnited States.$bRural Business/Cooperative Service, 801 0$bGPO 801 1$bGPO 801 2$bGPO 906 $aBOOK 912 $a9910703903603321 996 $aCost of capital for agricultural cooperatives$93468026 997 $aUNINA LEADER 02684oam 2200469 450 001 9910746595103321 005 20240201193339.0 010 $a1-03-531121-6 035 $a(MiAaPQ)EBC30752264 035 $a(Au-PeEL)EBL30752264 035 $a(CKB)28284168600041 035 $a(NjHacI)9928284168600041 035 $a(UtOrBLW)eep9781035311217 035 $a(EXLCZ)9928284168600041 100 $a20231010d2023 uy 0 101 0 $aeng 135 $aurcnu|||||||| 181 $ctxt$2rdacontent 182 $cc$2rdamedia 183 $acr$2rdacarrier 200 10$aReferendum Authorization Procedures in Europe $eA Comparative Analysis /$fAnna Forga?cs 205 $aFirst edition. 210 1$aNorthampton :$cEdward Elgar Publishing,$d2023. 215 $a1 online resource (xxi, 233 pages) 225 1 $aElgar Studies in European Law and Policy Series 311 08$aPrint version: Forgács, Anna Referendum Authorization Procedures in Europe Cheltenham : Edward Elgar Publishing Limited,c2023 320 $aIncludes bibliographical references and index. 327 $aFront Matter -- Copyright -- Contents -- Acknowledgements -- Abbreviations -- Table of cases -- Table of legislation/table of legal sources -- 1. Introduction to Referendum Authorization Procedures in Europe -- 2. European trends in referendum authorization -- 3. The legal rules on referendums in the selected states -- 4. The nature of the referendum authorization procedure -- 5. Procedural guarantees in referendum authorization -- 6. Impartiality and independence of the decision-maker -- 7. Right to a reasoned decision -- 8. Right to be heard and other participation rights -- 9. Right to an effective remedy -- 10. Conclusions on referendum authorization procedures in Europe -- Bibliography -- Index. 330 $a"Exploring the referendum practices of eight European states, this book unpacks the intricacies of the institutional and procedural settings of referendum authorization to reach an equilibrium between the exercise of popular sovereignty and the protection of rule of law. The book also examines how, by authorizing certain issues and refusing others, state institutions can exercise considerable control over the whole referendum process." 410 0$aElgar Studies in European Law and Policy. 606 $aReferendum$zEurope 615 0$aReferendum 676 $a328.23 700 $aForga?cs$b Anna$01430760 712 02$aEdward Elgar Publishing, 801 0$bMiAaPQ 801 1$bMiAaPQ 801 2$bMiAaPQ 906 $aBOOK 912 $a9910746595103321 996 $aReferendum Authorization Procedures in Europe$93570565 997 $aUNINA